| 000 | 00449nam a22001577a 4500 | ||
|---|---|---|---|
| 005 | 20250124124831.0 | ||
| 008 | 250124b |||||||| |||| 00| 0 eng d | ||
| 050 |
_aHM24 _b.W5 WIL |
||
| 100 | _aWiller David | ||
| 245 |
_aScientific Sociology: _bTheory and Method _cDavid Willer |
||
| 260 |
_aNew Jersey _bPrentice-Hall, Inc. _c1967 |
||
| 300 |
_axx. 131p. _c23.5 cm x 15.5 cm |
||
| 500 | _aIncludes Index | ||
| 650 | _2Sociology | ||
| 942 |
_2lcc _cBK _n0 |
||
| 999 |
_c3010 _d3010 |
||